Az élők háza a közösségi emlékezet valós és virtuális terei a makói izraelita temetők példáján /
We settle in an environment and regard it as ours by way of attributing mean-ing to its elements. At times, we attribute several different meanings to the same spaces. Present paper studies the representations of the community of Makó. A traditional community whose members were forced to emigrate an...
Elmentve itt :
| Szerző: | |
|---|---|
| Dokumentumtípus: | Könyv része |
| Megjelent: |
2015
|
| Sorozat: | A vallási kultúrakutatás könyvei
Mózes kőtáblái a hármashalmon : zsidó hagyomány és szimbolikus politika határán |
| Kulcsszavak: | Kollektív tudat, Zsidók története - Magyarország |
| Tárgyszavak: | |
| Online Access: | http://acta.bibl.u-szeged.hu/67352 |
| LEADER | 02118naa a2200253 i 4500 | ||
|---|---|---|---|
| 001 | acta67352 | ||
| 005 | 20211123131110.0 | ||
| 008 | 200519s2015 hu o 0|| hun d | ||
| 020 | |a 978-963-306-401-6 | ||
| 022 | |a 2064-4825 | ||
| 040 | |a SZTE Egyetemi Kiadványok Repozitórium |b hun | ||
| 041 | |a hun | ||
| 041 | |a eng | ||
| 100 | 1 | |a Glässer Norbert | |
| 245 | 1 | 3 | |a Az élők háza |h [elektronikus dokumentum] : |b a közösségi emlékezet valós és virtuális terei a makói izraelita temetők példáján / |c Glässer Norbert |
| 260 | |c 2015 | ||
| 300 | |a 255-264 | ||
| 490 | 0 | |a A vallási kultúrakutatás könyvei | |
| 490 | 0 | |a Mózes kőtáblái a hármashalmon : zsidó hagyomány és szimbolikus politika határán | |
| 520 | 3 | |a We settle in an environment and regard it as ours by way of attributing mean-ing to its elements. At times, we attribute several different meanings to the same spaces. Present paper studies the representations of the community of Makó. A traditional community whose members were forced to emigrate and which has since then thoroughly changed is recorded, reformulated and preserved by selective means of globalised mass communication. The digital-visual represen-tation – which in itself represents the thorough change of globalizing communi-cation – used by a community emphasizing its traditionalism becomes a part of its answer to change, as a guarantee of immutability. Selecting and using new means and phenomena in maintaining tradition in a globalised context – with help of technology, mass communication and public transport – helps bridging and connecting disintegrated spaces. Photos sent attached to email circulars and preserved in a digital form strengthen the feeling of belonging to community, at the same time eliminating the distance in time and space between members of the community. | |
| 650 | 4 | |a Bölcsészettudományok | |
| 650 | 4 | |a Történettudomány és régészet | |
| 695 | |a Kollektív tudat, Zsidók története - Magyarország | ||
| 856 | 4 | 0 | |u http://acta.bibl.u-szeged.hu/67352/1/vallasi_kulturakutatas_konyvei_019_255-264.pdf |z Dokumentum-elérés |